Представление документа в формате MARC21

ПолеНазваниеЗначение
  Тип записи a
  Библиографический уровень m
001 Контрольный номер BIBLIOCLUB\0000069158
005 Дата корректировки 20260430154613.7
006 m o d
007 Элементы данных для физической характеристики c|||||||||||||
008 Кодируемые данные s2021 rus o rus d
020 Индекс ISBN __
a ISBN 978-5-9765-0821-7
041 Код языка издания 0_
a Код языка текста rus
084 Индекс другой классификации/Индекс ББК __
a Индекс другой классификации/Индекс ББК 81.411.2-22я73
b Номер единицы LBC/PL
2 Источник индекса rubbk
100 Автор 1_
a Автор Лыткина О. И.
245 Заглавие 10
a Заглавие Практическая стилистика русского языка
b Продолж. заглавия учебное пособие
c Ответственность О. И. Лыткина, Л. В. Селезнева, Е. Ю. Скороходова
250 Сведения об издании __
a Основные сведения об издании 5-е изд., стер.
260 Выходные данные __
a Место издания Москва
b Издательство ФЛИНТА
c Дата издания 2021
300 Физическое описание __
a Объем 208 с.
b Иллюстрации/ тип воспроизводства табл.
653 Ключевые слова 1_
a Ключевые слова Учебник для высшей школы
700 Другие авторы _1
a Другие авторы Селезнева Л. В.
700 Другие авторы _1
a Другие авторы Скороходова Е. Ю.
856 Электронный адрес документа 40
3 Область применения данных поля Университетская библиотека ONLINE
u URL https://biblioclub.ru/index.php?page=book&id=69158
900 Электронные ресурсы __
a Имя электронного ресурса https://img.biblioclub.ru/sm_cover/a6affe514d9057e9bfb1ab9c674b459ftkbz8rwiwv/cover.jpg